| 000 | 00715cam a2200145 4500500 | ||
|---|---|---|---|
| 005 | 20260208005826.0 | ||
| 041 | _afre | ||
| 042 | _adc | ||
| 100 | 1 | 0 |
_aRivara, Annie _eauthor |
| 245 | 0 | 0 | _aSANDRINE ARAGON, Des liseuses en péril les images de lectrices dans le texte de fiction de La Prétieuse de l’abbé de Pure à Madame Bovary de Flaubert (1656-1856). Honoré Champion, Les dix-huitièmes siècles, n° 72,2003. Un vol. de 732 p. |
| 260 | _c2005. | ||
| 500 | _a3 | ||
| 786 | 0 | _nRevue d'histoire littéraire de la France | 105 | 3 | 2005-06-01 | p. 655zb-764zb | 0035-2411 | |
| 856 | 4 | 1 | _uhttps://shs.cairn.info/revue-d-histoire-litteraire-de-la-france-2005-3-page-655zb?lang=fr&redirect-ssocas=7080 |
| 999 |
_c1653963 _d1653963 |
||